000
00313nas a2200145 a 4500
001
72877
003
147121
005
20201118111054.0
008
||||||n9999 ||| || ||
245
0
_a
Nueva Frontera - No.171
260
_c
1978.
562
_e
0
773
_0
16068
_a
Nueva Frontera
942
_c
SISS
999
_c
72877
_d
72877